Fundamental Real Analysis (Record no. 68387)

MARC details
000 -LEADER
fixed length control field 00418nam a2200145Ia 4500
008 - FIXED-LENGTH DATA ELEMENTS--GENERAL INFORMATION
fixed length control field 211109s9999||||xx |||||||||||||| ||und||
082 ## - DEWEY DECIMAL CLASSIFICATION NUMBER
Classification number 515.8
Item number GUP-F
100 ## - MAIN ENTRY--PERSONAL NAME
Personal name Gupta, S L
245 #0 - TITLE STATEMENT
Title Fundamental Real Analysis
260 ## - PUBLICATION, DISTRIBUTION, ETC.
Name of publisher, distributor, etc. Vikas Publishing House
Place of publication, distribution, etc. Delhi
Date of publication, distribution, etc. 1970
300 ## - PHYSICAL DESCRIPTION
Extent 370p
630 ## - SUBJECT ADDED ENTRY--UNIFORM TITLE
General subdivision Post Graduate Reference
650 ## - SUBJECT ADDED ENTRY--TOPICAL TERM
Topical term or geographic name entry element NATURAL SCIENCE& MATHEMATICS
942 ## - ADDED ENTRY ELEMENTS (KOHA)
Koha item type BOOK
650 ## - SUBJECT ADDED ENTRY--TOPICAL TERM
Form subdivision MATHEMATICS
General subdivision ANAALYSISGeneralia
Holdings
Withdrawn status Lost status Damaged status Not for loan Home library Current library Date acquired Cost, normal purchase price Total Checkouts Full call number Barcode Shelving location Date last seen Price effective from Koha item type
        SB LIBRARY SB LIBRARY 09/11/2021 50.00   515.8 GUP-F 00052499 POST GRADUATE REFERENCE 09/11/2021 09/11/2021 BOOK

Powered by Koha